| 000 | 00430nam a2200157Ia 4500 | ||
|---|---|---|---|
| 005 | 20250616022125.0 | ||
| 008 | 240331s9999 xx 000 0 und d | ||
| 020 | _a2095566998 | ||
| 082 |
_a392 _bDIS |
||
| 100 | _aDissanayake,M | ||
| 245 | 0 | _aKanyangana Puuja | |
| 260 |
_aColombo _bS. Godage & Brothers _c2004 |
||
| 300 | _a216 p ., | ||
| 500 | _aAn analysis of virginity and the worship of virgins in Nepal and India | ||
| 942 | _cL | ||
| 999 |
_c839 _d839 |
||